LEADER 02145nam 2200397 450 001 9910592292703321 005 20230517065939.0 024 7 $a10.36253/978-88-5518-587-5 035 $a(CKB)5840000000091300 035 $a(NjHacI)995840000000091300 035 $a(EXLCZ)995840000000091300 100 $a20230517d2022 uy 0 101 0 $aita 135 $aur||||||||||| 181 $ctxt$2rdacontent 182 $cc$2rdamedia 183 $acr$2rdacarrier 200 03$aIl Tirocinio Diretto Digitale Integrato (TDDI) $eIl progetto sperimentale per lo sviluppo delle competenze delle maestre e dei maestri /$fRaffaella Biagioli, Stefano Oliviero, editors 210 1$aFlorence :$cFirenze University Press,$d2022. 215 $a1 online resource (178 pages) 225 1 $aStrumenti per la didattica e la ricerca 311 $a88-5518-588-8 330 $aThe integrated direct digital apprenticeship represents a new and crucial experimental apprenticeship modality with the primary function of guaranteeing everyone the possibility of living this entire pre- professional experience through virtual modalities and widening and enriching training opportunities for future pre-primary teachers and primary teachers. The experimental project arose from the need to respond to the need to guarantee the practicability of professional training courses at a time when, due to the pandemic, it was not possible to accommodate all students in schools. It was designed with the Regional School Office of Tuscany and resulted from the degree course constant commitment to the USR Tuscany to guarantee students; right to study and enhance the schools; willingness to accommodate trainees. 410 0$aStrumenti per la didattica e la ricerca. 517 $aTirocinio Diretto Digitale Integrato 606 $aStudent teaching 615 0$aStudent teaching. 676 $a370.733 702 $aBiagioli$b Raffaella 702 $aOliviero$b Stefano 801 0$bNjHacI 801 1$bNjHacl 906 $aBOOK 912 $a9910592292703321 996 $aIl Tirocinio Diretto Digitale Integrato (TDDI)$93362654 997 $aUNINA LEADER 04209oam 2200433 450 001 9910483296303321 005 20230629234557.0 010 $a3-658-30678-5 024 7 $a10.1007/978-3-658-30678-6 035 $a(CKB)4100000011515627 035 $a(DE-He213)978-3-658-30678-6 035 $a(MiAaPQ)EBC6381165 035 $a(EXLCZ)994100000011515627 100 $a20210414d2021 uy 0 101 0 $aeng 135 $aurnn|008mamaa 181 $ctxt$2rdacontent 182 $cc$2rdamedia 183 $acr$2rdacarrier 200 10$aSimulation in chassis technology $ea practice-oriented introduction to the creation of component and full vehicle models using the method of multi-body systems /$fDirk Adamski 205 $a1st ed. 2021. 210 1$aWiesbaden, Germany :$cSpringer,$d[2021] 210 4$d©2021 215 $a1 online resource (XX, 287 p. 188 illus., 69 illus. in color.) 300 $aIncludes index. 311 $a3-658-30677-7 327 $aPart I: Introduction to Simulation -- 1. Simulation Methods -- 2. Systems Engineering -- 3. Modeling -- 4. Numerical Analysis: The Problem with the Beginning -- 5. Simulation Tools -- 6. Simulation Process -- Part II: Simulation in Chassis Technology -- 7. Modeling of Chassis Components -- 8. Kinematics and Compliance -- 9. Springs -- 10. Damping and Friction -- 11. Steering -- 12. Tires and Roads -- 13. Drive Train -- 14. Brake System -- 15. Vehicle Body -- 16. The Simulated Driver -- 17. The Vehicle Model as a Controlled System. 330 $aAnyone who wants to simulate the behavior of vehicles must think about how they want to model the vehicle's chassis. Depending on the question (vehicle dynamics, ride comfort, load data prediction ...) there are a variety of possibilities. This book should help to find and implement the right models and processes. In addition to a short introduction to simulation technology, the most important types of modelling for the assemblies of the chassis using the method of multi-body systems are presented. However, successful simulation does not only mean the assembly of suitable models, but always represents a well thought-out process that goes from data acquisition to the validation of the models. This will be discussed using suitable examples for concrete questions. This book is a translation of the original German edition ?Simulation in der Fahrwerktechnik? by ?Dirk Adamski?, published by Springer Fachmedien Wiesbaden in 2014. The translation was done with the help of artificial intelligence (machine translation by the service DeepL.com). A subsequent human revision was done primarily in terms of content, so that the book will read stylistically different from a conventional translation. Springer Nature works continuously to further the development of tools for the production of books and on the related technologies to support the authors. The Content Introduction to Simulation: Simulation Methods - Systems Engineering - Modeling - Numerical Analysis - Simulation Process. - Simulation in Chassis Technology: Modeling of Chassis Components - Kinematics and Compliance - Springs - Damping and Friction - Steering - Tires and Roads - Drive Train - Brake System - Vehicle Body - The Simulated Driver - The Vehicle Model as a Controlled System The Target Groups Beginners, but also experienced vehicle simulation engineers who need to use or extend an existing or newly acquired simulation environment Decision makers who need to set up a simulation process or purchase a simulation environment or want to understand what their calculators are doing About the Author Prof. Dr.-Ing. Dirk Adamski worked in the passenger car development department of Daimler AG as a test and computational engineer. Since 2009, he has been Professor for Testing and Simulation in Chassis at the University of Applied Sciences in Hamburg. 606 $aAutomobiles$xChassis 615 0$aAutomobiles$xChassis. 676 $a629.24 700 $aAdamski$b Dirk$01225995 801 0$bMiAaPQ 801 1$bMiAaPQ 801 2$bUtOrBLW 906 $aBOOK 912 $a9910483296303321 996 $aSimulation in chassis technology$92846470 997 $aUNINA